000 00625nam a2200241Ia 4500
003 OSt
005 20221005085332.0
006 a|||||r|||| 00| 0
007 ta
008 221004b |||||||| |||| 00| 0 eng d
024 _a121298
037 _bGift, 18/09/2012,
_cTextual
040 _aCRL
_cCRL
_beng
041 _2eng
_aeng
082 _aY:1, K4
100 _aPriestley J B
245 0 _aMan and time
260 _aNew York
_bDoubleday &Company
_c1964
300 _a319p.
_ccm.
650 _aSOCIOLOGY
942 _hY:1, K4
_cTEXL
_2cc
999 _c994039
_d994039